Animal homes / (Record no. 7638)

MARC details
000 -LEADER
fixed length control field 00983nam a22003137a 4500
001 - CONTROL NUMBER
control field 7638
003 - CONTROL NUMBER IDENTIFIER
control field FISKH
005 - DATE AND TIME OF LATEST TRANSACTION
control field 20250828112535.0
008 - FIXED-LENGTH DATA ELEMENTS--GENERAL INFORMATION
fixed length control field 250729b cb ||||| |||| 00| 0 eng d
020 ## - INTERNATIONAL STANDARD BOOK NUMBER
International Standard Book Number 043922743
040 ## - CATALOGING SOURCE
Original cataloging agency FISKH
Language of cataloging eng
Transcribing agency FISKH
Modifying agency FISKH
050 ## - LIBRARY OF CONGRESS CALL NUMBER
Classification number QL756 .H49
082 ## - DEWEY DECIMAL CLASSIFICATION NUMBER
Classification number 591.56
100 ## - MAIN ENTRY--PERSONAL NAME
Personal name Hewitt, Sally
245 ## - TITLE STATEMENT
Title Animal homes /
Statement of responsibility, etc. Written by Sally Hewitt
250 ## - EDITION STATEMENT
Edition statement First Scholastic printing, September 2000
260 ## - PUBLICATION, DISTRIBUTION, ETC.
Place of publication, distribution, etc. New York :
Name of publisher, distributor, etc. Scholastic ,
Date of publication, distribution, etc. 2000.
300 ## - PHYSICAL DESCRIPTION
Extent 30 pages :
Other physical details color illustrations ;
Dimensions 27 cm .
490 ## - SERIES STATEMENT
Series statement Ladders
505 ## - FORMATTED CONTENTS NOTE
Formatted contents note K <br/>
520 ## - SUMMARY, ETC.
Summary, etc. "Find out about all kinds of animal homes, from underground tunnels to treehouses, shells, and more."<br/>
521 8# - TARGET AUDIENCE NOTE
Target audience note 510 <br/>
Source Lexile estimate <br/>
521 8# - TARGET AUDIENCE NOTE
Target audience note K <br/>
Source Raz-Plus <br/>
650 ## - SUBJECT ADDED ENTRY--TOPICAL TERM
Topical term or geographic name entry element Animal and Plant Adaptations
Form subdivision Non-fiction
650 ## - SUBJECT ADDED ENTRY--TOPICAL TERM
Topical term or geographic name entry element Mole burrow
Form subdivision Non-fiction
700 ## - ADDED ENTRY--PERSONAL NAME
Personal name Dogi, Fiametta
Relator term Main Illustrator
942 ## - ADDED ENTRY ELEMENTS (KOHA)
Source of classification or shelving scheme Dewey Decimal Classification
Koha item type Books
Suppress in OPAC No
Holdings
Withdrawn status Lost status Source of classification or shelving scheme Damaged status Not for loan Collection Home library Current library Shelving location Date acquired Total Checkouts Full call number Barcode Date last seen Copy number Price effective from Koha item type
    Dewey Decimal Classification     Non-Fiction Footprints International School Library Network Toul Tom Poung Campus Footprints International School Library Network Toul Tom Poung Campus TTP Primary Yellow Bookshelves 07/29/2025   HEW 591.56 QL756 .H49 FISTK01941 07/29/2025 1 07/29/2025 Books
    Dewey Decimal Classification     Non-Fiction Footprints International School Library Network Toul Tom Poung Campus Footprints International School Library Network Toul Tom Poung Campus TTP Primary Yellow Bookshelves 08/05/2025   HEW 591.56 QL756 .H49 FISBK06350 08/05/2025 2 08/05/2025 Books
    Dewey Decimal Classification     Non-Fiction Footprints International School Library Network Toul Tom Poung Campus Footprints International School Library Network Toul Tom Poung Campus TTP Primary Yellow Bookshelves 08/28/2025   HEW 591.56 QL756 .H49 FIS01143 08/28/2025 3 08/28/2025 Books